Penn State Rivals - Statistics

General Stats
  • This quiz has been taken 12 times
  • The average score is 7 of 8
Answer Stats
Rival % Correct
Michigan
100%
Michigan State
100%
Ohio State
100%
Iowa
88%
Minnesota
88%
Pitt
88%
Syracuse
75%
Maryland
63%
No matching quizzes found
Score Distribution
Percent of People with Each Score
Percentile by Number Answered
Your Score History
You have not taken this quiz